000
00285nam a22001217a 4500
008
180205b xxu||||| |||| 00| 0 eng d
041
_a
eng
080
_a
331.101.262 LEN
100
_a
52
101
_a
LID
245
_a
Cases in organisational behaviour
_c
Lennan,R.M
942
_2
udc
_c
BK
999
_c
41732
_d
41732